[Event "Chess24 Banter Blitz Cup"]
[Site "chess24.com INT"]
[Date "2019.11.07"]
[Round "1.1"]
[White "Moiseenko, Alexander"]
[Black "Michalik, Peter"]
[Result "1/2-1/2"]
[WhiteTitle "GM"]
[BlackTitle "GM"]
[WhiteElo "2635"]
[BlackElo "2578"]
[WhiteFideId "14102560"]
[BlackFideId "14907526"]
[EventDate "2019.09.25"]
[EventType "blitz"]

1. d4 Nf6 2. c4 e6 3. Nc3 Bb4 4. Nf3 d5 5. Bg5 h6 6. Bxf6 Qxf6 7. Qa4+ Nc6 8. e3
O-O 9. Rd1 a6 10. Qb3 dxc4 11. Bxc4 Qe7 12. Be2 Bd6 13. O-O Rd8 14. Ne4 Rb8 15.
a3 Bd7 16. Nxd6 cxd6 17. d5 exd5 18. Qxd5 Be6 19. Qd2 Rbc8 20. Rc1 Ne5 21. Nd4
Rc5 22. Nxe6 fxe6 23. Rxc5 dxc5 24. Qc3 Nf7 25. h3 Qd6 26. Rd1 Qb6 27. Rxd8+
Nxd8 28. Qd2 Qc7 29. Bg4 Kf8 30. Qd3 Qe7 31. f4 Nc6 32. Qe4 Kf7 33. Bh5+ Kf8 34.
Qh7 Qf6 35. Qh8+ Ke7 36. Qe8+ Kd6 37. Kh2 Kc7 38. Bf3 Nd8 39. b4 cxb4 40. axb4
Qf7 41. Qa4 Qd7 42. Qa5+ Kc8 43. Qc5+ Qc7 44. Qd4 Qd7 45. Qc5+ Qc7 46. Qd4 Kb8
47. h4 Qe7 48. h5 Qc7 49. Qe4 Qd7 50. Qe5+ Kc8 51. Qe4 Nc6 52. Qb1 Qe7 53. b5
axb5 54. Qxb5 Qh4+ 55. Kg1 Qe1+ 56. Kh2 Qxe3 57. Bxc6 Qxf4+ 58. g3 Qd2+ 59. Kh3
bxc6 60. Qxc6+ Kd8 61. Qxe6 Qd7 62. Qxd7+ Kxd7 63. Kg4 Ke6 64. Kf4 Kf6 65. g4 g6
66. hxg6 Kxg6 67. Kg3 Kg5 68. Kh3 h5 69. gxh5 Kxh5 1/2-1/2

[Event "Chess24 Banter Blitz Cup"]
[Site "chess24.com INT"]
[Date "2019.11.07"]
[Round "1.2"]
[White "Michalik, Peter"]
[Black "Moiseenko, Alexander"]
[Result "1-0"]
[WhiteTitle "GM"]
[BlackTitle "GM"]
[WhiteElo "2578"]
[BlackElo "2635"]
[WhiteFideId "14907526"]
[BlackFideId "14102560"]
[EventDate "2019.09.25"]
[EventType "blitz"]

1. d4 Nf6 2. c4 e6 3. Nf3 Bb4+ 4. Bd2 c5 5. Bxb4 cxb4 6. e3 O-O 7. Be2 d6 8. O-O
Nc6 9. a3 bxa3 10. Nxa3 a6 11. Qb1 e5 12. h3 Re8 13. Rd1 Nb4 14. dxe5 Nd7 15.
exd6 Nc5 16. b3 Qf6 17. Rd4 Bf5 18. Qd1 Nc6 19. Rd5 Ne4 20. Bd3 Rad8 21. c5 Nb4
22. Bxe4 Bxe4 23. Rd4 Nc6 24. Rd2 Bxf3 25. gxf3 Re5 26. f4 Rxc5 27. Nc4 h6 28.
Rc1 Kh8 29. Rd5 Rxd5 30. Qxd5 Nb4 31. Qe4 Qh4 32. Ne5 Qxh3 33. Nxf7+ Kg8 34.
Nxd8 Qg4+ 35. Qg2 1-0

[Event "Chess24 Banter Blitz Cup"]
[Site "chess24.com INT"]
[Date "2019.11.07"]
[Round "1.3"]
[White "Michalik, Peter"]
[Black "Moiseenko, Alexander"]
[Result "0-1"]
[WhiteTitle "GM"]
[BlackTitle "GM"]
[WhiteElo "2578"]
[BlackElo "2635"]
[WhiteFideId "14907526"]
[BlackFideId "14102560"]
[EventDate "2019.09.25"]
[EventType "blitz"]

1. e4 c5 2. Nf3 e6 3. d4 cxd4 4. Nxd4 Nf6 5. Nc3 Nc6 6. Ndb5 d6 7. Bf4 e5 8. Bg5
a6 9. Na3 b5 10. Nd5 Be7 11. Bxf6 Bxf6 12. c4 b4 13. Nc2 O-O 14. g3 Bg5 15. Bg2
a5 16. O-O Be6 17. Qd3 Nb8 18. Rfd1 Na6 19. Nde3 Be7 20. Nf5 Nc5 21. Nxe7+ Qxe7
22. Qe2 b3 23. Ne3 a4 24. a3 Rfd8 25. Rd2 g6 26. Rad1 Rac8 27. h4 h5 28. Kh2 Kg7
29. Qe1 Nb7 30. Rc1 Na5 31. Bf1 Nc6 32. Nd5 Bxd5 33. exd5 Nb8 34. c5 Rxc5 35.
Rxc5 dxc5 36. Bb5 Nd7 37. Bxa4 c4 38. Qe3 Nf6 39. Qc3 Ne4 40. Qe3 Nxd2 41. Qxd2
Qc5 42. Bc6 Qxc6 43. dxc6 Rxd2 44. c7 c3 45. c8=Q cxb2 46. Qc3 Rxf2+ 47. Kg1
b1=Q+ 48. Kxf2 Qc2+ 49. Qxc2 bxc2 0-1

[Event "Chess24 Banter Blitz Cup"]
[Site "chess24.com INT"]
[Date "2019.11.07"]
[Round "1.4"]
[White "Moiseenko, Alexander"]
[Black "Michalik, Peter"]
[Result "1-0"]
[WhiteTitle "GM"]
[BlackTitle "GM"]
[WhiteElo "2635"]
[BlackElo "2578"]
[WhiteFideId "14102560"]
[BlackFideId "14907526"]
[EventDate "2019.09.25"]
[EventType "blitz"]

1. d4 d5 2. c4 c6 3. Nc3 Nf6 4. Nf3 e6 5. e3 Nbd7 6. Bd3 dxc4 7. Bxc4 b5 8. Bd3
a6 9. e4 c5 10. e5 cxd4 11. Nxb5 axb5 12. exf6 gxf6 13. O-O Qb6 14. Bf4 Bb7 15.
Qe2 Rg8 16. Bxh7 Rg7 17. Be4 Bc5 18. Bg3 f5 19. Bxf5 Nf6 20. Bd3 Kf8 21. Rfc1 b4
22. Qe5 Nd7 23. Qh5 b3 24. a4 Ra5 25. Qh8+ Rg8 26. Qh6+ Rg7 27. Ne5 Kg8 28. Nxd7
Qc6 29. Nf6+ 1-0

[Event "Chess24 Banter Blitz Cup"]
[Site "chess24.com INT"]
[Date "2019.11.07"]
[Round "1.5"]
[White "Michalik, Peter"]
[Black "Moiseenko, Alexander"]
[Result "0-1"]
[WhiteTitle "GM"]
[BlackTitle "GM"]
[WhiteElo "2578"]
[BlackElo "2635"]
[WhiteFideId "14907526"]
[BlackFideId "14102560"]
[EventDate "2019.09.25"]
[EventType "blitz"]

1. d4 Nf6 2. c4 e6 3. Nf3 Bb4+ 4. Bd2 c5 5. Bxb4 cxb4 6. e3 O-O 7. Be2 d6 8. O-O
Nc6 9. a3 bxa3 10. Rxa3 e5 11. Nc3 Bg4 12. h3 Bh5 13. Qd2 Re8 14. Rd1 e4 15. Nh2
Bxe2 16. Nxe2 a6 17. b4 Ne7 18. Rda1 Rc8 19. Ra5 Rxc4 20. b5 axb5 21. Rxb5 Qc8
22. Rab1 Rc2 23. Qd1 Ned5 24. Rxb7 h5 25. Nf1 Qc4 26. Neg3 Qa2 27. Nh1 Nc3 28.
Qe1 Nxb1 29. Rxb1 Rec8 30. Qb4 Rc1 31. Rxc1 Rxc1 32. h4 Rxf1+ 33. Kxf1 Qa6+ 34.
Kg1 Qa1+ 0-1

[Event "Chess24 Banter Blitz Cup"]
[Site "chess24.com INT"]
[Date "2019.11.07"]
[Round "1.6"]
[White "Moiseenko, Alexander"]
[Black "Michalik, Peter"]
[Result "0-1"]
[WhiteTitle "GM"]
[BlackTitle "GM"]
[WhiteElo "2635"]
[BlackElo "2578"]
[WhiteFideId "14102560"]
[BlackFideId "14907526"]
[EventDate "2019.09.25"]
[EventType "blitz"]

1. d4 Nf6 2. Bg5 d5 3. Nd2 Nbd7 4. e3 g6 5. Ngf3 Bg7 6. c4 c6 7. cxd5 cxd5 8.
Bd3 O-O 9. O-O b6 10. Rc1 Bb7 11. h3 Rc8 12. Qa4 a6 13. Qa3 Re8 14. Bf4 e6 15.
b4 Qe7 16. Qb2 Ne4 17. a3 g5 18. Bh2 h5 19. Bxe4 dxe4 20. Ne5 Nxe5 21. Bxe5 f6
22. Bh2 f5 23. Nc4 f4 24. exf4 gxf4 25. Bxf4 Rcd8 26. Be5 Bh6 27. Ne3 Rd7 28.
Qe2 Qf7 29. Rc3 Kh7 30. Nc4 Rg8 31. Rg3 h4 32. Rxg8 Qxg8 33. Nd6 Bd5 34. Nxe4
Rf7 35. f3 Qg6 36. Re1 Rf8 37. Qxa6 Bg7 38. Bxg7 Qxg7 39. Qd3 Kh8 40. Qe3 Rg8
41. Re2 b5 42. Nc5 Qg6 43. Qe5+ Kh7 44. Nd7 Kh6 45. Nf6 Rg7 46. Ng4+ Kh7 47. Rf2
Qg5 48. Qxg5 Rxg5 49. Rc2 Rf5 50. Rc5 Kg6 51. Ne3 Rf4 52. Nxd5 exd5 53. Rxd5 Kf6
54. Rxb5 Ke6 55. Rc5 Rxd4 56. a4 Rd1+ 57. Kh2 Ra1 58. Rc4 Kd6 59. Rxh4 Rxa4 60.
Rg4 Ra3 61. h4 Ke6 62. h5 Kf5 63. h6 Ra7 64. h7 Rxh7+ 65. Rh4 Rb7 0-1

[Event "Chess24 Banter Blitz Cup"]
[Site "chess24.com INT"]
[Date "2019.11.07"]
[Round "1.7"]
[White "Michalik, Peter"]
[Black "Moiseenko, Alexander"]
[Result "0-1"]
[WhiteTitle "GM"]
[BlackTitle "GM"]
[WhiteElo "2578"]
[BlackElo "2635"]
[WhiteFideId "14907526"]
[BlackFideId "14102560"]
[EventDate "2019.09.25"]
[EventType "blitz"]

1. d4 Nf6 2. c4 e6 3. Nf3 Bb4+ 4. Bd2 c5 5. Bxb4 cxb4 6. e3 O-O 7. Be2 d6 8. O-O
Nc6 9. a3 Re8 10. axb4 Nxb4 11. Na3 Bd7 12. Nc2 Qb6 13. Nxb4 Qxb4 14. Qd2 Qxd2
15. Nxd2 a5 16. b3 Bc6 17. Ra3 b6 18. Rfa1 e5 19. d5 Bb7 20. Bd3 Nd7 21. Nb1 Nc5
22. Bf1 f5 23. Nc3 Red8 24. g3 g6 25. Be2 Kf7 26. Bd1 Ke7 27. Bc2 Na6 28. f4 Nb4
29. Bd1 Rab8 30. Be2 Nc2 31. Kf2 Nxa1 32. Rxa1 Bc8 33. Bd3 Bd7 34. h4 Ra8 35.
Ra3 Rdb8 36. Ke2 Kf6 37. Kd2 h6 38. Ra1 g5 39. hxg5+ hxg5 40. Rf1 gxf4 41. gxf4
e4 42. Bc2 Rh8 43. Ne2 Rh2 44. Re1 b5 45. Kc3 bxc4 46. bxc4 a4 47. Nd4 a3 48.
Ra1 Rh3 49. Kd2 a2 50. Bb3 Rg8 51. Rxa2 Rg2+ 52. Ne2 Rf2 53. Ra6 Be8 54. Rxd6+
Kg7 55. Rd8 Bh5 56. d6 Rxe2+ 57. Kc3 Rexe3+ 58. Kb4 Rxb3+ 59. Ka5 e3 60. Rd7+
Kf6 61. Re7 Rd3 62. c5 e2 63. Rxe2 Bxe2 64. Kb6 Ke6 65. Kc7 Rh7+ 66. Kc6 Rd7 67.
Kb6 R3xd6+ 68. cxd6 Kxd6 69. Ka5 Kc5 70. Ka4 Bc4 71. Ka3 Rd2 72. Ka4 Ra2# 0-1

[Event "Chess24 Banter Blitz Cup"]
[Site "chess24.com INT"]
[Date "2019.11.07"]
[Round "1.8"]
[White "Moiseenko, Alexander"]
[Black "Michalik, Peter"]
[Result "0-1"]
[WhiteTitle "GM"]
[BlackTitle "GM"]
[WhiteElo "2635"]
[BlackElo "2578"]
[WhiteFideId "14102560"]
[BlackFideId "14907526"]
[EventDate "2019.09.25"]
[EventType "blitz"]

1. d4 d5 2. c4 e6 3. Nc3 Be7 4. Nf3 Nf6 5. g3 O-O 6. Bg2 c6 7. O-O Nbd7 8. b3 b6
9. Qd3 a5 10. e4 Ba6 11. Rd1 h6 12. Bf4 Bb4 13. exd5 cxd5 14. a3 Bxc3 15. Qxc3
Rc8 16. Nd2 dxc4 17. bxc4 Nd5 18. Qf3 Bxc4 19. Nxc4 Rxc4 20. Bd6 Re8 21. Qb3 Rc6
22. Bf4 N7f6 23. Be5 Rc3 0-1

[Event "Chess24 Banter Blitz Cup"]
[Site "chess24.com INT"]
[Date "2019.11.07"]
[Round "1.9"]
[White "Michalik, Peter"]
[Black "Moiseenko, Alexander"]
[Result "0-1"]
[WhiteTitle "GM"]
[BlackTitle "GM"]
[WhiteElo "2578"]
[BlackElo "2635"]
[WhiteFideId "14907526"]
[BlackFideId "14102560"]
[EventDate "2019.09.25"]
[EventType "blitz"]

1. d4 Nf6 2. Nf3 d5 3. c4 e6 4. g3 dxc4 5. Bg2 Bd7 6. Nbd2 Bb4 7. O-O c3 8. Nc4
O-O 9. Qb3 cxb2 10. Bxb2 a5 11. a3 Be7 12. Qxb7 Bc6 13. Qb3 Nbd7 14. Rfd1 Rb8
15. Qc2 Be4 16. Qd2 a4 17. Bc3 Bd5 18. Ne3 Bb3 19. Rdc1 Ne4 20. Qe1 Nxc3 21.
Qxc3 c5 22. Nc4 Bf6 23. e3 cxd4 24. exd4 Nb6 25. Nce5 Nd5 26. Qd2 Rc8 27. Nc6
Qd6 28. Nfe5 h6 29. Qa5 Bxe5 30. dxe5 Qd7 31. Nd4 Rxc1+ 32. Rxc1 Rc8 33. Rxc8+
Qxc8 34. Qd2 Qc5 35. Qb2 Nc3 36. Nxb3 axb3 37. Qxb3 Ne2+ 38. Kf1 Nd4 39. Qd1
Qxe5 40. Kg1 Qc5 41. a4 e5 42. Bf1 Qa3 43. Kh1 g6 44. Bg2 Kg7 45. h4 h5 46. Qe1
Qc5 47. a5 Nc2 48. Qd2 Nd4 49. a6 Qa3 50. Qe3 Qxa6 51. Qxe5+ Qf6 52. Qxf6+ Kxf6
53. Kg1 Ne6 54. Kf1 Ng7 55. Kg1 Ne8 56. Kf1 Ng7 57. Bh3 Nf5 58. Kg2 Nd4 59. f3
Ke5 60. Kf2 f5 61. Ke3 Nc2+ 62. Kd2 Nb4 63. Ke3 Nd5+ 64. Kf2 f4 65. gxf4+ Kxf4
66. Bf1 Ne3 67. Be2 Nf5 68. Bf1 Nxh4 69. Be2 Nf5 70. Bd3 g5 71. Bxf5 Kxf5 72.
Kg2 g4 73. Kh2 Kf4 74. Kg2 gxf3+ 75. Kg1 h4 76. Kf1 f2 0-1

[Event "Chess24 Banter Blitz Cup"]
[Site "chess24.com INT"]
[Date "2019.11.07"]
[Round "1.10"]
[White "Moiseenko, Alexander"]
[Black "Michalik, Peter"]
[Result "0-1"]
[WhiteTitle "GM"]
[BlackTitle "GM"]
[WhiteElo "2635"]
[BlackElo "2578"]
[WhiteFideId "14102560"]
[BlackFideId "14907526"]
[EventDate "2019.09.25"]
[EventType "blitz"]

1. d4 d5 2. c4 e6 3. Nc3 Be7 4. cxd5 exd5 5. Bf4 c6 6. e3 Bf5 7. Nge2 Nf6 8. Ng3
Bg6 9. h4 h5 10. Be2 Nbd7 11. O-O Ng4 12. Bxg4 hxg4 13. h5 Bxh5 14. Nxh5 Rxh5
15. Qxg4 Rh7 16. Be5 Kf8 17. e4 Nb6 18. Rae1 Kg8 19. exd5 Nxd5 20. Re2 Bf8 21.
Rfe1 Rh6 22. Re4 Rg6 23. Qh5 Rh6 24. Qf3 Qd7 25. Rg4 Re8 26. Nxd5 cxd5 27. Rc1
Qe6 28. g3 Rh7 29. Kg2 Qh6 30. Rd1 f6 31. Rh4 Qg6 32. Qxd5+ Qf7 33. Qxf7+ Kxf7
34. Rxh7 fxe5 35. dxe5 Rxe5 36. Rd7+ Kg6 37. Rh4 Rb5 38. b3 Ra5 39. Rg4+ Kh7 40.
Rxb7 Rxa2 41. Ra4 Rb2 42. Raxa7 Bc5 43. Rxg7+ Kh6 44. Rh7+ Kg6 45. Rag7+ Kf6 46.
Rf7+ Ke6 47. Rhg7 Rxb3 48. Rf3 Rb2 49. Rg6+ Ke7 50. Rg5 Bd6 51. g4 Ke6 52. Rgf5
Be7 53. Re3+ Kd6 54. Rd5+ Kxd5 55. Rxe7 Kd6 56. Re3 Rb4 57. Rg3 Ke6 58. g5 Kf7
59. g6+ Kg7 60. Rf3 Kxg6 61. Rg3+ Kf5 62. Rf3+ Ke6 63. Rg3 Kd6 64. Rf3 Ke7 65.
Rg3 Rb2 66. Rf3 Rb1 67. Rg3 Rc1 0-1

[Event "Chess24 Banter Blitz Cup"]
[Site "chess24.com INT"]
[Date "2019.11.07"]
[Round "1.11"]
[White "Michalik, Peter"]
[Black "Moiseenko, Alexander"]
[Result "1/2-1/2"]
[WhiteTitle "GM"]
[BlackTitle "GM"]
[WhiteElo "2578"]
[BlackElo "2635"]
[WhiteFideId "14907526"]
[BlackFideId "14102560"]
[EventDate "2019.09.25"]
[EventType "blitz"]

1. d4 Nf6 2. Nf3 e6 3. g3 b5 4. Bg2 Bb7 5. O-O c5 6. c3 d5 7. Bg5 Nbd7 8. e3 Be7
9. Nbd2 O-O 10. Ne5 Nxe5 11. dxe5 Nd7 12. Bxe7 Qxe7 13. f4 f6 14. exf6 Nxf6 15.
Qe2 e5 16. Rae1 a6 17. Nf3 e4 18. Ne5 Nd7 19. Nxd7 Qxd7 20. Qh5 Rad8 21. Bh3 Qe7
22. Rd1 g6 23. Qe2 Rd6 24. b4 Rdd8 25. bxc5 Qxc5 26. Rd4 Qxc3 27. Be6+ Kh8 28.
f5 gxf5 29. Bxf5 Rf7 30. g4 Rdf8 31. Qf2 b4 32. Qg3 a5 33. Qe5+ Rg7 34. Qf4 Rxf5
35. Qxf5 Qxe3+ 36. Qf2 Rxg4+ 37. Kh1 Qxf2 38. Rxf2 Kg7 39. h3 Rg6 40. Kh2 h5 41.
Rf5 h4 42. Rf4 Re6 43. Kg1 Rf6 44. Rxh4 e3 45. Rhg4+ Kf7 46. Rgf4 Rxf4 47. Rxf4+
Ke6 48. Rf8 d4 49. h4 Bd5 50. h5 Bxa2 51. h6 Bb1 52. Kf1 a4 53. Rb8 a3 54. Rxb4
a2 55. Ra4 d3 56. h7 d2 57. Ke2 Bc2 58. Rd4 d1=Q+ 59. Rxd1 Bxd1+ 60. Kxe3 a1=Q
61. h8=Q Qxh8 62. Kd2 Qd4+ 63. Ke1 1/2-1/2

[Event "Chess24 Banter Blitz Cup"]
[Site "chess24.com INT"]
[Date "2019.11.07"]
[Round "1.12"]
[White "Moiseenko, Alexander"]
[Black "Michalik, Peter"]
[Result "0-1"]
[WhiteTitle "GM"]
[BlackTitle "GM"]
[WhiteElo "2635"]
[BlackElo "2578"]
[WhiteFideId "14102560"]
[BlackFideId "14907526"]
[EventDate "2019.09.25"]
[EventType "blitz"]

1. d4 d5 2. c4 e6 3. Nf3 Nf6 4. Nc3 Be7 5. Bf4 O-O 6. e3 b6 7. cxd5 Nxd5 8. Nxd5
Qxd5 9. Bd3 Qa5+ 10. Ke2 c5 11. Qc2 Ba6 12. Rhd1 Nc6 13. a3 Rac8 14. Bxa6 Qxa6+
15. Qd3 Qxd3+ 16. Rxd3 cxd4 17. Nxd4 Bf6 18. Nxc6 Rxc6 19. Rd2 Rfc8 20. e4 g5
21. Be3 Rc2 22. Rb1 h6 23. f3 Be5 24. h3 Kh7 25. Kd1 R2c7 26. Ke2 Kg6 27. a4 Rc4
28. b3 Rc3 29. Bd4 Bxd4 30. Rxd4 h5 31. Rb2 R8c7 32. Kd2 R3c6 33. Ke2 h4 34.
Rbd2 Rc3 35. R4d3 Kf6 36. b4 R3c4 37. Rb3 Ke5 38. a5 b5 39. Rbb2 a6 40. Kf2 Kf4
41. Ke2 Kg3 42. Ke3 Rc3+ 43. Rd3 Rc2 44. Rxc2 Rxc2 45. Rd6 Kxg2 46. Rxa6 Kxh3
47. Rb6 Rc3+ 48. Kf2 Rc2+ 49. Ke3 Ra2 50. Rxb5 f6 51. Rb6 Kg3 52. Rxe6 h3 53.
Rxf6 h2 54. Rh6 Ra4 55. Kd4 Rxb4+ 56. Kc5 Rb3 57. a6 Rxf3 58. a7 Ra3 59. Kb6 Kg2
60. Kb7 g4 61. e5 g3 62. e6 h1=Q 63. Rxh1 Kxh1 64. e7 Rb3+ 65. Ka6 Ra3+ 66. Kb7
Rb3+ 67. Ka6 g2 68. a8=Q Ra3+ 69. Kb7 Rb3+ 70. Kc8 Rc3+ 0-1

[Event "Chess24 Banter Blitz Cup"]
[Site "chess24.com INT"]
[Date "2019.11.07"]
[Round "1.13"]
[White "Michalik, Peter"]
[Black "Moiseenko, Alexander"]
[Result "1/2-1/2"]
[WhiteTitle "GM"]
[BlackTitle "GM"]
[WhiteElo "2578"]
[BlackElo "2635"]
[WhiteFideId "14907526"]
[BlackFideId "14102560"]
[EventDate "2019.09.25"]
[EventType "blitz"]

1. d4 Nf6 2. Nf3 e6 3. c4 Bb4+ 4. Bd2 Qe7 5. g3 Bxd2+ 6. Qxd2 d5 7. Bg2 O-O 8.
O-O Nc6 9. Na3 Rd8 10. Rfd1 b6 11. cxd5 exd5 12. e3 Bb7 13. Rac1 Rac8 14. Nb5 a6
15. Nc3 Qe6 16. Qc2 h6 17. Qb1 Ne7 18. b4 b5 19. Ne2 Ng6 20. Rc2 c6 21. Nc1 Ne4
22. Nd3 Rc7 23. Qb2 Qf6 24. Nd2 Nd6 25. Nc5 Bc8 26. a4 Re7 27. Rcc1 h5 28. Nd3
Nc4 29. Nxc4 bxc4 30. Nc5 h4 31. b5 axb5 32. axb5 cxb5 33. Qxb5 Bg4 34. Rf1 h3
35. Bxd5 Rxd5 36. f3 Rxe3 37. Qxc4 Rxd4 38. Qa6 Rxf3 39. Qxf6 gxf6 40. Rxf3 Bxf3
41. Kf2 Bg4 42. Ke3 Rb4 43. Nd3 Rb3 44. Kd2 Ne5 45. Nf4 Rb2+ 46. Ke3 Rxh2 47.
Nd5 Re2+ 48. Kf4 h2 49. Nxf6+ Kg7 50. Nxg4 Nd3+ 51. Kf3 Nxc1 52. Nxh2 Rxh2 53.
g4 Ne2 54. Ke4 Kg6 55. Ke3 Kg5 56. Kf3 Rh3+ 57. Kxe2 Kxg4 58. Kf2 f5 59. Ke2 f4
60. Kd1 f3 61. Ke1 f2+ 62. Kd1 1/2-1/2

[Event "Chess24 Banter Blitz Cup"]
[Site "chess24.com INT"]
[Date "2019.11.07"]
[Round "1.14"]
[White "Moiseenko, Alexander"]
[Black "Michalik, Peter"]
[Result "1-0"]
[WhiteTitle "GM"]
[BlackTitle "GM"]
[WhiteElo "2635"]
[BlackElo "2578"]
[WhiteFideId "14102560"]
[BlackFideId "14907526"]
[EventDate "2019.09.25"]
[EventType "blitz"]

1. d4 Nf6 2. c4 e6 3. Nc3 d5 4. cxd5 exd5 5. Bg5 c6 6. e3 Be7 7. Bd3 O-O 8. Nge2
Nbd7 9. Qc2 Re8 10. h3 Nf8 11. g4 b5 12. Ng3 a5 13. a4 b4 14. Nce2 Bd7 15. Nf5
Bxf5 16. Bxf5 g6 17. Bd3 Rc8 18. Bf4 Ne6 19. Be5 Nd7 20. Bg3 c5 21. Ba6 Ra8 22.
Bb7 Ra7 23. Bxd5 Bf6 24. O-O cxd4 25. exd4 Nb6 26. Bc6 Ree7 27. Rad1 Nd5 28. Qb3
Nec7 29. Nf4 Nxf4 30. Bxf4 Ne6 31. Be3 Ng5 32. Bg2 Rad7 33. d5 Ne4 34. Qd3 Nd6
35. b3 Bc3 36. Bc5 Re5 37. Qg3 Rde7 38. Kh1 Kh8 39. Be3 f6 40. Bf4 Qb6 41. Bxe5
Rxe5 42. f4 Re3 43. Rf3 Re2 44. Rff1 Qd8 45. Rf2 Re7 46. Qd3 Qe8 47. Bf3 Re3 48.
Qf1 f5 49. Re2 fxg4 50. hxg4 Qe7 51. Rxe3 Qxe3 52. Qe2 Qxf4 53. Kg2 Be5 54. Qf2
Qh2+ 55. Kf1 Qf4 56. Be2 Qe4 57. Qf8# 1-0

[Event "Chess24 Banter Blitz Cup"]
[Site "chess24.com INT"]
[Date "2019.11.07"]
[Round "1.15"]
[White "Moiseenko, Alexander"]
[Black "Michalik, Peter"]
[Result "1-0"]
[WhiteTitle "GM"]
[BlackTitle "GM"]
[WhiteElo "2635"]
[BlackElo "2578"]
[WhiteFideId "14102560"]
[BlackFideId "14907526"]
[EventDate "2019.09.25"]
[EventType "blitz"]

1. d4 d5 2. c4 e6 3. Nc3 Be7 4. Nf3 Nf6 5. Bg5 O-O 6. e3 h6 7. Bh4 b6 8. Bd3 Bb7
9. O-O Nbd7 10. Qe2 a6 11. cxd5 exd5 12. Rfd1 Bd6 13. Rac1 Qe7 14. Bg3 Rfe8 15.
a3 Bxg3 16. hxg3 Qd6 17. b4 Re7 18. Qc2 g6 19. Ne2 c6 20. Nf4 Ng4 21. Rb1 Rae8
22. a4 b5 23. a5 Ndf6 24. Re1 Bc8 25. Rbc1 Bd7 26. Qc5 Qb8 27. Re2 g5 28. Nh3
Kg7 29. Bb1 Ne4 30. Bxe4 Rxe4 31. Kf1 Bf5 32. Qb6 Qxb6 33. axb6 R4e6 34. Ra2
Bd3+ 35. Ke1 Ra8 36. Rca1 Rb8 37. Rxa6 Bc4 38. Kd2 Nf6 39. Ne5 Rb7 40. f3 Ne8
41. Nf2 f6 42. Ned3 Ree7 43. Nc5 Rb8 44. Ra7 Kf8 45. Nd7+ Rxd7 46. Rxd7 Rxb6 47.
Ra8 Rb8 48. Rxb8 f5 49. Rdd8 Ke7 50. Rxe8+ Kd7 51. Re5 f4 52. Rh8 Bf1 53. Rh7+
Kd6 54. gxf4 gxf4 55. exf4 Bxg2 56. Nd3 Bxf3 57. Nc5 Bg4 58. Ree7 1-0

[Event "Chess24 Banter Blitz Cup"]
[Site "chess24.com INT"]
[Date "2019.11.08"]
[Round "1.1"]
[White "Livaic, Leon"]
[Black "Oparin, Grigoriy"]
[Result "1/2-1/2"]
[WhiteTitle "IM"]
[BlackTitle "GM"]
[WhiteElo "2495"]
[BlackElo "2654"]
[WhiteFideId "14531534"]
[BlackFideId "24125890"]
[EventDate "2019.09.25"]
[EventType "blitz"]

1. d4 Nf6 2. c4 e6 3. Nf3 Bb4+ 4. Bd2 a5 5. g3 b6 6. Bg2 Bb7 7. O-O O-O 8. Bg5
d5 9. c5 a4 10. a3 Ba5 11. Qxa4 bxc5 12. dxc5 c6 13. Qc2 Nbd7 14. b4 Bc7 15. Nc3
h6 16. Bc1 e5 17. Bb2 e4 18. Nd4 Ne5 19. Rfd1 Qe7 20. Na4 Nc4 21. Bc3 Ra6 22. b5
cxb5 23. Nxb5 Rfa8 24. Nxc7 Qxc7 25. Bxf6 Rxf6 26. Bxe4 dxe4 27. Qxc4 e3 28. f3
Rg6 29. Kg2 h5 30. Rac1 h4 31. Qxh4 Rh6 32. Qf4 Qxf4 33. gxf4 Rxa4 34. Rd6 Bc6
35. Rxh6 gxh6 36. Rc3 Rxf4 37. Rxe3 Rc4 38. Re5 Kg7 39. Kg3 Kf6 40. Rh5 Kg6 41.
Rh4 Rxc5 42. Rb4 Rc3 43. a4 f6 44. Rb6 Bxa4 45. e4 Bd1 46. e5 Rxf3+ 47. Kg2 Rf5
48. e6 Re5 49. Rd6 Bc2 50. e7 Be4+ 51. Kg3 Bf5 52. Kf4 Rxe7 53. Rd8 Re4+ 54. Kf3
Re5 55. Rg8+ Kh5 56. Rg1 Bg4+ 57. Kf4 Rf5+ 58. Kg3 Rg5 59. Kg2 Bh3+ 60. Kxh3
Rxg1 1/2-1/2

[Event "Chess24 Banter Blitz Cup"]
[Site "chess24.com INT"]
[Date "2019.11.08"]
[Round "1.2"]
[White "Oparin, Grigoriy"]
[Black "Livaic, Leon"]
[Result "1-0"]
[WhiteTitle "GM"]
[BlackTitle "IM"]
[WhiteElo "2654"]
[BlackElo "2495"]
[WhiteFideId "24125890"]
[BlackFideId "14531534"]
[EventDate "2019.09.25"]
[EventType "blitz"]

1. Nf3 Nf6 2. g3 b6 3. Bg2 Bb7 4. c4 c5 5. Nc3 g6 6. d4 cxd4 7. Qxd4 Bg7 8. O-O
d6 9. Be3 Nbd7 10. Rfd1 Rc8 11. Rac1 a6 12. b3 O-O 13. Qh4 Re8 14. g4 Nc5 15. g5
Nfe4 16. Nxe4 Nxe4 17. Ne1 Nc5 18. Bxc5 Bxg2 19. Bxb6 Qxb6 20. Kxg2 Rc5 21. Nf3
Rec8 22. Qe4 e6 23. Qe3 Qc6 24. h4 Qc7 25. Qf4 Rc6 26. Rc2 a5 27. Rcd2 Rd8 28.
h5 a4 29. h6 Bh8 30. Nh2 Be5 31. Qf3 Bxh2 32. Kxh2 axb3 33. Qf6 Kf8 34. axb3 Rb8
35. Rd3 Rbb6 36. f4 Rc5 37. e4 Ke8 38. Kg3 Ra5 39. Qh8+ Ke7 40. Qxh7 Ra3 41. Qg7
Rbxb3 42. Qf6+ Ke8 43. Qd4 Rxd3+ 44. Rxd3 Rxd3+ 45. Qxd3 Kf8 46. Qc3 Qc5 47. Kg2
Qc6 48. h7 Qxe4+ 49. Kg3 1-0

[Event "Chess24 Banter Blitz Cup"]
[Site "chess24.com INT"]
[Date "2019.11.08"]
[Round "1.3"]
[White "Livaic, Leon"]
[Black "Oparin, Grigoriy"]
[Result "1-0"]
[WhiteTitle "IM"]
[BlackTitle "GM"]
[WhiteElo "2495"]
[BlackElo "2654"]
[WhiteFideId "14531534"]
[BlackFideId "24125890"]
[EventDate "2019.09.25"]
[EventType "blitz"]

1. d4 Nf6 2. c4 e6 3. Nf3 d5 4. Nc3 Be7 5. Bg5 h6 6. Bxf6 Bxf6 7. e3 O-O 8. Rc1
c6 9. h4 g6 10. g4 Bg7 11. g5 h5 12. Ne5 Nd7 13. f4 c5 14. Bg2 cxd4 15. exd4
dxc4 16. Nxc4 Nb6 17. Ne5 Bd7 18. Bxb7 Rb8 19. Bg2 Nd5 20. Qd2 Ne7 21. Kf2 Nf5
22. Be4 Nd6 23. Bf3 Qe7 24. b3 Rfd8 25. Rhd1 Nf5 26. Rh1 Rb4 27. Ne2 Bb5 28.
Rhd1 Bxe2 29. Nc6 Qd6 30. Qxb4 Qxb4 31. Nxb4 Bxd1 32. Rxd1 Rxd4 33. Rxd4 Bxd4+
34. Ke2 Nxh4 35. Be4 Nf5 36. Nc6 Bb6 37. a4 h4 38. Bxf5 gxf5 39. a5 Bg1 40. b4
f6 41. gxf6 Kf7 42. Kf1 Be3 43. b5 Kxf6 44. Nxa7 Ke7 45. b6 Kd7 46. Nb5 Kc6 47.
Nc3 Bc5 48. Ne2 Bb4 49. Nd4+ Kb7 50. Nb3 Bxa5 51. Nxa5+ Kxb6 52. Nc4+ Kc5 53.
Ne5 Kd4 54. Nf3+ Ke4 55. Nxh4 1-0